Saber amarse: respuestas sobre psicología juvenil y relaciones familiares
Saved in:
| Main Author: | |
|---|---|
| Format: | Book |
| Language: | Spanish |
| Published: |
Madrid
Ciudad Nueva
1996
|
| Subjects: | |
| Tags: |
Add Tag
No Tags, Be the first to tag this record!
|
MARC
| LEADER | 00000nam a2200000 a 4500 | ||
|---|---|---|---|
| 001 | UCO9175 | ||
| 003 | CL-VaPUC | ||
| 008 | 010119e19960000SP |||||||||||||||||spa|d | ||
| 082 | 0 | 4 | |a 155.5 |b ION |2 21 |
| 100 | |a Ionata, Pasquale |e author |9 595919 | ||
| 245 | 1 | 0 | |a Saber amarse: respuestas sobre psicología juvenil y relaciones familiares |
| 300 | |a 199 p | ||
| 942 | |c BK | ||
| 945 | |d 20010119 00:00:00 |a cmena | ||
| 260 | |a Madrid |b Ciudad Nueva |c 1996 | ||
| 650 | 0 | |a Psicología del adolescente |9 307864 | |
| 650 | 0 | |a Juventud |9 271073 | |
| 650 | 0 | |a Problemas sociales |9 258537 | |
| 650 | 7 | |a RELACIONES FAMILIARES |2 CL-VaPUC |9 333100 | |
| 650 | 7 | |a PSICOTERAPIA |2 CL-VaPUC |9 454159 | |
| 650 | 0 | |a Autoaceptación |9 454160 | |
| 583 | |a last modification |c 20130101 09:44:13 |k Rodrigo Vera | ||
| 999 | |c 293454 |d 293452 | ||
| 952 | |0 0 |1 0 |4 0 |6 155_500000000000000_ION_1996 |7 0 |8 A |9 345003 |a BIBTEO |b BIBTEO |d 2019-11-20 |i 3679160 |o 155.5 ION 1996 |p 3679160 |r 2025-01-17 |w 2019-11-20 |y BK |k ICR | ||